The crisis in the German social-democracy.

Bibliographic Details
Main Author: Luxemburg, Rosa, 1871-1919
Format: Book
Language:English
German
Published: New York : H. Fertig, 1969.
Subjects:

MARC

Tag First Indicator Second Indicator Subfields
LEADER 00000cam a2200000 4500
001 in00000307666
005 20151010093457.0
008 690411r19691918nyu 00000 eng
010 |a  68009607  
035 |a (OCoLC)00000757 
035 |9 ABG8132AM 
040 |a DLC  |c DLC  |d TXA  |d UtOrBLW 
041 1 |a eng  |a ger 
049 |a TXAM  |c [850409] 
050 0 0 |a D639.S6  |b L813 1969 
082 0 |a 940.3/11 
100 1 |a Luxemburg, Rosa,  |d 1871-1919. 
245 1 4 |a The crisis in the German social-democracy. 
264 1 |a New York :  |b H. Fertig,  |c 1969. 
300 |a 128 pages ;  |c 20 cm. 
336 |a text  |b txt  |2 rdacontent 
337 |a unmediated  |b n  |2 rdamedia 
338 |a volume  |b nc  |2 rdacarrier 
500 |a Reprint of the 1918 edition. 
500 |a Translation of Die Krise der sozialdemokratie. 
650 0 |a World War, 1914-1918  |x Causes. 
650 0 |a Socialism. 
999 |a MARS 
999 f f |s e32518d1-0b9b-338d-a3c5-e13b791299f1  |i 5ccc4284-e1e9-36e9-a5eb-7e0a30a7fb51  |t 0 
952 f f |p ric  |a Texas A&M University  |b Rellis Campus  |c Joint Library Facility  |d Remote Storage  |t 0  |e D639.S6 L813 1969  |h Library of Congress classification  |i unmediated -- volume  |m A14801886121 
998 f f |a D639.S6 L813 1969  |t 0  |l Remote Storage